000 00614nam a2200241Ia 4500
003 OSt
005 20221005113738.0
006 a|||||r|||| 00| 0
007 ta
008 221004b |||||||| |||| 00| 0 mal d
024 _a54267
037 _cTextual
040 _aCRL
_cCRL
_bmal
041 _2mal
_amal
082 _aO32,1K12,11, F8
100 _aEzhuthachan
_9624872
245 0 _aAdhytma Ramayanam
_b Arnyakandam
260 _c1928
300 _a40
_ccm.
650 _aMALAYALAM POETRY
_9185636
942 _hO32,1K12,11, F8
_cTEXL
_2cc
999 _c1029133
_d1029133